000 00601nam a2200193 i 4500
001 91177
003 ES-MaACL
005 20250718063319.0
007 t|
008 050127s1909 fr ||||1| fre d
100 1 _aLeroy-Beaulieu, Paul,
_d1843-1916
_971810
245 1 3 _aLe collectivisme
_b: examen critique du nouveau socialisme /
_cPaul Leroy-Beaulieu.
250 _a5ème éd.
260 _aParis :
_bFélix Alcan,
_c1909 (
_eSaint-Denis :
_fH. Bouillant)
300 _aXXII, 709 p. ;
_c22 cm.
852 _aES-MaACL
_jF-1894
852 _aES-MaACL
_jD-4552
999 _c91177
_d91177